000 00863nam0a22002651 4500
001 rc\2624723
005 20230921144601.0
035 _a(NLR Aleph) 006788313
090 _a6117090
_c6117090
100 _a20110914d1931 |||y0rusy50 ca
101 0 _arus
102 _aRU
105 _ay z |||||
200 1 _aКак бороться с нозематозом пчел
_fВетврач В. И. Полтев
210 _a[Тула]
_cтип. Тулпечать
_d[1931]
_eТула
215 _a4 с.
_d27х18 см.
225 1 _aЛистовка
_fВсес. ин-т пчеловодства
_v№ 2
300 _aБез тит. л. и обложки
700 1 _aПолтев
_bВ. И.
_gВасилий Иванович
801 0 _aRU
_bNLR
_gpsbo
801 1 _aRU
_bELAR
_2rusmarc
852 _aNLR
_j31-19/405-2
942 _cBOOK
980 _aNB